Cyclisme - Grand Tour 2023 - Statistiques

Statistiques générales
  • Ce quiz a été pris 101 fois
  • Le résultat moyen est 18 sur 43
Statistiques - réponses
Nom Giro TDF Vuelta % Correct
Pogacar 2
99%
Vingegaard 1 2
94%
Roglic 1 2
83%
Evenepoel 2 3
77%
Philipsen 4
77%
Kuss 1
70%
Yates 1
66%
Pedersen 1 1
63%
Lafay 1
57%
Hindley 1
50%
Groves 1 3
48%
Rodriguez 1
48%
Bilbao 1
47%
Mohoric 1
47%
Gall 1
45%
Milan 1
44%
Cavendish 1
43%
Poels 1 1
43%
Izagirre 1
42%
Woods 1
41%
Ganna 1
40%
Almeida 1
38%
Asgreen 1
38%
Meeus 1
38%
Kwiatkowski 1
36%
Kamna 1
29%
Paret Peintre 1
29%
Soupe 1
29%
Matthews 1
28%
Buitrago 1
27%
Zanna 1
27%
Denz 2
24%
Healy 1
24%
Rubio 1
24%
Dainese 1 1
23%
Herrada 1
23%
Cort Nielsen 1
22%
Kron 1
21%
Molano 1
17%
Mcnulty 1
15%
Ackermann 1
14%
Bais 1
14%
Costa 1
13%
Aucun quiz correspondant
Distribution des résultats
% des personnes avec chaque résultat
Percentile par nombre de réponses
Votre historique - résultats
Vous n’avez pas pris ce quiz